| 000 | 00780cab a2200253 4500 | ||
|---|---|---|---|
| 001 | ABS50708 | ||
| 008 | 090401t1994 xxu||||| |||| 00| 0 eng d | ||
| 035 | _a(Sirsi) u16290 | ||
| 041 | _aeng | ||
| 100 | _aAustin, R. | ||
| 245 | _aRecent legal developments | ||
| 260 | _c1994 | ||
| 350 | _a0 | ||
| 490 |
_aEstates Gazette _v(9418) 7 May 1994, 129-131(3) |
||
| 520 | _aAn update on developments in French property law since June 1993. Includes such topics as planning permission, planning taxes, registration duty and sales by non-resident companies. | ||
| 650 | _aFRANCE | ||
| 650 | _aPLANNING LAW | ||
| 650 | _aPROPERTY LAW | ||
| 650 | _aPROPERTY TAXES | ||
| 690 | _aOVERSEAS-EUROPE | ||
| 690 | _aPROPERTY LAW AND PRACTICE | ||
| 942 | _n0 | ||
| 948 | _c04/03/1997 | ||
| 999 |
_c10707 _d10707 |
||